Lesser Antilles Quiz - Statistics

General Stats
  • This quiz has been taken 27 times
  • The average score is 7 of 8
Answer Stats
Hint Answer % Correct
Only one that starts with G Grenada
96%
It has been inhabited since 2900 BC St Kitts and Nevis
96%
The biggest lesser Antille Trinidad and Tobago
91%
Just short of 100,000 population Antigua and Barbuda
87%
It is the farthest from the other Antilles Barbados
87%
There is another one which makes it obvious it has a republic Dominica
87%
It is the second largest Antille St Lucia
83%
The lesser Antille with the most islands St Vincent and the Grenadines
83%
No matching quizzes found
Score Distribution
Percent of People with Each Score
Percentile by Number Answered
Your Score History
You have not taken this quiz